Didaktické princípy uplatňované nielen v e-learningu

Didaktické princípy, alebo didaktické zásady sú spôsoby aplikácie pedagogických postulátov vo výchovnovzdelávacom procese. Akákoľvek forma výučby, či už v školskom, alebo mimoškolskom prostredí musí tieto zákonitosti rešpektovať. E-learning, ako hlavný reprezentant dištančnej formy vzdelávania nie j...

Descrizione completa

Salvato in:
Dettagli Bibliografici
Autore principale: Pasiar, Ladislav, 1984-
Natura: Capitolo di libro
Lingua:slovacco
Soggetti:
Tags: Aggiungi Tag
Nessun Tag, puoi essere il primo ad aggiungerne!!

MARC

LEADER 00000nla a2200000 4500
001 0156671
005 20240502072733.4
041 0 |a slo 
044 |a SK 
245 1 0 |a Didaktické princípy uplatňované nielen v e-learningu  |c Ladislav Pasiar 
520 |a Didaktické princípy, alebo didaktické zásady sú spôsoby aplikácie pedagogických postulátov vo výchovnovzdelávacom procese. Akákoľvek forma výučby, či už v školskom, alebo mimoškolskom prostredí musí tieto zákonitosti rešpektovať. E-learning, ako hlavný reprezentant dištančnej formy vzdelávania nie je v tomto smere výnimkou. Nakoľko pri e-learningu vo veľkej miere absentuje priamy styk učiteľa, lektora, a žiaka, je nutné dbať na tieto princípy s oveľa väčším dôrazom. Didaktické zásady by mali patriť medzi základné piliere vedomostí každého učiteľa, tvorcu kurzu. Ich dodržiavanie prispeje k efektívnemu vyučovaciemu procesu, čo je snahou každej formy výučby. 
610 2 0 |a didaktika 
610 2 0 |a učitelia 
610 2 0 |a vzdelávanie elektronické 
100 1 |a Pasiar, Ladislav, 1984-